Železo a ocel - Stanovení smluvní hloubky prokalení po povrchovém ohřevu. ČSN 42 0446. EN 10328 : Červen 2005

Gespeichert in:
Bibliographische Detailangaben
Format: Buch
Sprache:Tschechisch
Veröffentlicht: Praha : Český normalizační institut, 2005
Schlagworte:
Tags: Tag hinzufügen
Keine Tags, Fügen Sie das erste Tag hinzu!

MARC

LEADER 00000nam a22000003a 4500
001 stu117082
005 20150408182325.8
008 060428s2005----xr------------------cze-d
040 |a STU  |b slo 
041 0 |a cze 
044 |a xr 
245 |a Železo a ocel - Stanovení smluvní hloubky prokalení po povrchovém ohřevu. ČSN 42 0446. EN 10328 :  |b Červen 2005 
260 |a Praha :  |b Český normalizační institut,  |c 2005 
300 |a 8 s 
650 7 |a železo  |2 stusub 
650 7 |a oceľ  |2 stusub 
996 |b 284M072922  |c M*N-1177-1  |l MMST  |s P  |a 0  |w stu117082_0001